Leyes N§s 20.126 a 20.150: tratados internacionales-sumario

Gorde:
Xehetasun bibliografikoak
Formatua: Liburua
Hizkuntza:gaztelania
Argitaratua: Santiago Jurídica 2008
Edizioa:1a. ed
Saila:Textos Legales, 177
Gaiak:
Etiketak: Etiketa erantsi
Etiketarik gabe, Izan zaitez lehena erregistro honi etiketa jartzen!

MARC

LEADER 00000nam a2200000 a 4500
001 UCI7518
003 CL-VaPUC
008 080710e20080000CL |||||||||||||||||spa|d
020 |a 9789561018389 
082 0 4 |a 348.022  |b LEY  |2 21 
245 1 0 |a Leyes N§s 20.126 a 20.150: tratados internacionales-sumario 
250 |a 1a. ed 
300 |a 152 p 
942 |c BK 
945 |d 20080710 00:00:00  |a rbrito 
260 |a Santiago  |b Jurídica  |c 2008 
650 0 |a Tratados internacionales   |9 256056 
650 0 |a Derecho internacional  |9 255637 
583 |a last modification  |c 20080710 00:00:00  |k Rodrigo Vera 
490 0 |a Textos Legales, 177  
999 |c 330769  |d 330767